Las prácticas expositivas (Record no. 8770)

MARC details
000 -CABECERA
campo de control de longitud fija 00939nam a2200265 a 4500
001 - NÚMERO DE CONTROL
campo de control BRCA_9122
005 - FECHA Y HORA DE LA ÚLTIMA TRANSACCIÓN
campo de control 20190320210528.0
008 - DATOS DE LONGITUD FIJA--INFORMACIÓN GENERAL
campo de control de longitud fija 051017s2017----mx-a######---#000-0#spa-#
041 ## - CÓDIGO DE LENGUA
Código de lengua del texto/banda sonora o título independiente spa
044 ## - CÓDIGO DEL PAÍS DE LA ENTIDAD EDITORA/PRODUCTORA
Código MARC del país mx
084 ## - OTRO NÚMERO DE CLASIFICACIÓN
Número de clasificación AM23
Número de documento/Ítem .S47 2017
100 1# - ENTRADA PRINCIPAL--NOMBRE DE PERSONA
Nombre de persona Sepúlveda Jiménez, Lluvia
9 (RLIN) 22500
245 10 - MENCIÓN DE TÍTULO
Título Las prácticas expositivas
Resto del título una guía para la producción de exhibiciones
Mención de responsabilidad, etc. Lluvia Sepúlveda Jiménez, Marco Antonio Silva Barón ; ilustraciones Mary Carmen Arias Gálvez … [et al.].
260 ## - PUBLICACIÓN, DISTRIBUCIÓN, ETC.
Lugar de publicación, distribución, etc. México
Nombre del editor, distribuidor, etc. Ars Museografía
Fecha de publicación, distribución, etc. 2017
300 ## - DESCRIPCIÓN FÍSICA
Extensión 91 p.
Otras características físicas il. (algunas a color)
Dimensiones 27 cm.
504 ## - NOTA DE BIBLIOGRAFÍA, ETC.
Nota de bibliografía, etc. Bibliografía : p. [94]
650 14 - PUNTO DE ACCESO ADICIONAL DE MATERIA--TÉRMINO DE MATERIA
Término de materia o nombre geográfico como elemento de entrada Museos
Subdivisión de forma Guías
9 (RLIN) 22501
650 14 - PUNTO DE ACCESO ADICIONAL DE MATERIA--TÉRMINO DE MATERIA
Término de materia o nombre geográfico como elemento de entrada Museos
Subdivisión de forma Exposiciones
9 (RLIN) 22502
653 0# - TÉRMINO DE INDIZACIÓN--NO CONTROLADO
Término no controlado Curaduría
653 0# - TÉRMINO DE INDIZACIÓN--NO CONTROLADO
Término no controlado Registro de obra
653 0# - TÉRMINO DE INDIZACIÓN--NO CONTROLADO
Término no controlado Manejo de colecciones
700 1# - PUNTO DE ACCESO ADICIONAL--NOMBRE DE PERSONA
Nombre de persona Silva Barón, Marco Antonio
Término indicativo de función/relación coaut.
9 (RLIN) 22503
700 1# - PUNTO DE ACCESO ADICIONAL--NOMBRE DE PERSONA
Nombre de persona Arias Gálvez, Mary Carmen
Término indicativo de función/relación il.
9 (RLIN) 22504
942 ## - ELEMENTOS DE PUNTO DE ACCESO ADICIONAL (KOHA)
Fuente del sistema de clasificación o colocación Library of Congress Classification
Tipo de ítem Koha Libros
Holdings
Estado de retiro Estado de pérdida Estado dañado No para préstamo Localización permanente Ubicación/localización actual Fecha de adquisición Total de préstamos Signatura topográfica completa Código de barras Fecha visto por última vez Precio válido a partir de Tipo de ítem Koha
El ejemplar forma parte de la colección y puede ser consultado según las políticas vigentes.       Biblioteca del Museo Franz Mayer (Rogerio Casas-Alatriste) Biblioteca del Museo Franz Mayer (Rogerio Casas-Alatriste) 05/10/2017   AM23 .S47 2017 01175 22/03/2019 22/03/2019 Libros